<?xml version="1.0" encoding="UTF-8"?>
<collection xmlns="http://www.loc.gov/MARC21/slim">
 <record>
  <leader>00690cam a2200181 7i4500</leader>
  <controlfield tag="001">0000079670</controlfield>
  <controlfield tag="005">20100208090000.0</controlfield>
  <datafield tag="020" ind1="#" ind2="0">
   <subfield code="a">9676109029 </subfield>
  </datafield>
  <datafield tag="090" ind1="0" ind2="0">
   <subfield code="a">NA 6862 </subfield>
   <subfield code="b">.A3 1999</subfield>
  </datafield>
  <datafield tag="100" ind1="0" ind2="#">
   <subfield code="a">Adnan Haji Nawang </subfield>
  </datafield>
  <datafield tag="245" ind1="1" ind2="0">
   <subfield code="a">Stadium Merdeka &amp; Stadium Negara meniti sejarah kegemilangan  </subfield>
   <subfield code="c">Adnan Haji Nawang, Jatswan S. Sidhu.</subfield>
  </datafield>
  <datafield tag="260" ind1="#" ind2="#">
   <subfield code="a">Kuala Lumpur: </subfield>
   <subfield code="b">Utusan Publication &amp; Distributors Sdn Bhd, </subfield>
   <subfield code="c">1999.</subfield>
  </datafield>
  <datafield tag="300" ind1="#" ind2="#">
   <subfield code="a">xi, 183 p.: </subfield>
   <subfield code="b">ill.some col.; </subfield>
   <subfield code="c">27cm..</subfield>
  </datafield>
  <datafield tag="650" ind1="0" ind2="0">
   <subfield code="a">Stadium Negara (Kuala Lumpur) -- </subfield>
   <subfield code="x">History </subfield>
  </datafield>
  <datafield tag="650" ind1="0" ind2="0">
   <subfield code="a">Stadium -- </subfield>
   <subfield code="z">Kuala Lumpur </subfield>
  </datafield>
  <datafield tag="650" ind1="0" ind2="0">
   <subfield code="a">Stadium Merdeka (Kuala Lumpur) -- </subfield>
   <subfield code="x">History </subfield>
  </datafield>
  <datafield tag="700" ind1="0" ind2="1">
   <subfield code="a">Jatswan S. Sidhu </subfield>
  </datafield>
  <datafield tag="999" ind1=" " ind2=" ">
   <subfield code="a">1100076719</subfield>
   <subfield code="b">Book</subfield>
   <subfield code="c">Open Shelf</subfield>
   <subfield code="e">KOLEKSI TERBUKA</subfield>
  </datafield>
 </record>
</collection>
